[Event "Protvino"]
[Site "Protvino"]
[Date "1992.??.??"]
[Round "?"]
[White "Chernosvitov, Alexander"]
[Black "Paronjan, Aleksandar"]
[Result "1-0"]
[WhiteElo "2405"]
[BlackElo "2350"]

1.d4 d5 2.c4 c6 3.Nc3 Nf6 4.Nf3 e6 5.e3 Nbd7 6.Qc2 Bd6 7.Be2 O-O 8.O-O Qe7
9.Rd1 dxc4 10.Bxc4 e5 11.h3 e4 12.Ng5 Nb6 13.Bb3 Bf5 14.f3 Rfe8 15.Ngxe4 Nxe4
16.fxe4 Bxe4 17.Nxe4 Qxe4 18.Qxe4 Rxe4 19.Bc2 Rh4 20.e4 Bf4 21.Kf2 Rd8 22.b3 Bxc1
23.Raxc1 f5 24.d5 cxd5 25.exf5 Rh6 26.Bd3 Rf6 27.Rc7 Rf7 28.Rdc1 Nd7 29.Ke3 d4+
30.Kf4 Nb6 31.Rxf7 Kxf7 32.Ke5 Rd5+ 33.Ke4 Kf6 34.g4 Rd7 35.Rc5 a6 36.h4 h6
37.a4 Rd6 38.Rc7 Nd7 39.b4 Nb6 40.Rxb7 Nxa4 41.Kf4  1-0

[Event "Protvino"]
[Site "Protvino"]
[Date "1992.??.??"]
[Round "?"]
[White "Donchenko, Anatoly G"]
[Black "Chernosvitov, Alexander"]
[Result "0-1"]
[WhiteElo "2385"]
[BlackElo "2405"]

1.c4 e6 2.Nf3 d5 3.d4 Nf6 4.Nc3 c6 5.e3 Nbd7 6.Qc2 Bd6 7.b3 O-O 8.Bb2 Qe7
9.Be2 b6 10.O-O Bb7 11.e4 dxe4 12.Nxe4 Nxe4 13.Qxe4 Rae8 14.Rad1 f5 15.Qd3 Rd8
16.Qe3 c5 17.Ng5 Rfe8 18.Bf3 cxd4 19.Qxd4 Qxg5 20.h4 Qg6 21.Bxb7 Nc5 22.Bc6 Bh2+
23.Kxh2 Rxd4 24.Rxd4 Rc8 25.Bf3 e5 26.Rd5 e4 27.Be2 h6 28.Rfd1 f4 29.h5 Qf7
30.Bg4 Re8 31.Kg1 e3 32.Bf3 Ne4 33.fxe3 fxe3 34.Rd7 Re7 35.Rxe7 Qxe7 36.Bd4 Ng3
37.Re1 Nf5 38.Bc3 Qh4 39.Re2 Kh7 40.Be5 Qg5 41.Bc3 Ng3 42.Re1 e2 43.Bd4 Qh4
44.Bc3 Qf4 45.Kf2 Ne4+ 46.Kxe2 Nxc3+ 47.Kd3 Qf6 48.a3 g5 49.hxg6+ Kg7 50.Kc2 Na2
51.Kb1 Qc3 52.Re7+ Kf6 53.g7 Qxb3+ 54.Ka1 Qc3+  0-1

[Event "Reggio Emilia9293"]
[Site "Reggio Emilia"]
[Date "1992.??.??"]
[Round "3"]
[White "Garcia Palermo, Carlos"]
[Black "Godena, Michele"]
[Result "1/2-1/2"]
[WhiteElo "2440"]
[BlackElo "2435"]

1.d4 d5 2.c4 e6 3.Nc3 c6 4.e3 Nf6 5.Nf3 a6 6.Bd2 Nbd7 7.Ne5 c5 8.cxd5 Nxe5
9.dxe5 Nxd5 10.Ne4 Be7 11.Be2 O-O 12.O-O Bd7 13.Rc1 Qb6 14.Qc2 Rfd8 15.Rfd1 Bb5
16.Bxb5 Qxb5 17.a4 Qb6 18.Be1 Qc7 19.b4 Qxe5 20.bxc5 Rac8 21.Qb1 f5 22.Ng3 Rxc5
23.Qxb7 Rb8 24.Qa7 Rxc1 25.Rxc1 Qb2 26.Ne2 Qb6 27.Qd7 Rd8 28.Rc8 Kf7 29.Rxd8 Qxd8
30.Qc6 Qb6 31.Qc2 Qc5 32.Qd3 Qc6 33.e4 Nf6 34.exf5 exf5 35.a5  1/2-1/2

[Event "Reggio Emilia9192-B"]
[Site "Reggio Emilia"]
[Date "1992.??.??"]
[Round "4"]
[White "Arlandi, Ennio"]
[Black "Godena, Michele"]
[Result "1/2-1/2"]
[WhiteElo "2420"]
[BlackElo "2415"]

1.d4 d5 2.c4 e6 3.Nc3 c6 4.e3 Nf6 5.Nf3 Nbd7 6.Qc2 Bd6 7.Be2 O-O 8.O-O dxc4
9.Bxc4 Qe7 10.a3 e5 11.h3 Bc7 12.Ba2 h6 13.Nh4 Re8 14.Nf5 Qf8 15.Nb5 Bb8
16.Bd2 a5 17.dxe5 Rxe5 18.Nbd4 Ne4 19.f4 Re8 20.Be1 Ndf6 21.b4 axb4 22.axb4 Ra6
23.Rb1 Bd7 24.Bc4 b5 25.Bb3 c5 26.bxc5 Qxc5 27.Bb4 Qxc2 28.Bxc2 Nd5 29.Bd3  1/2-1/2

[Event "Reggio Emilia9192"]
[Site "Reggio Emilia"]
[Date "1992.??.??"]
[Round "5"]
[White "Karpov, Anatoly"]
[Black "Gurevich, Mikhail"]
[Result "1-0"]
[WhiteElo "2730"]
[BlackElo "2630"]

1.d4 d5 2.c4 c6 3.Nf3 Nf6 4.Nc3 e6 5.e3 Nbd7 6.Qc2 Bd6 7.b3 O-O 8.Be2 dxc4
9.bxc4 e5 10.O-O Re8 11.Rd1 Qe7 12.Rb1 e4 13.Nd2 Nf8 14.Nf1 Ng6 15.a4 Nh4
16.Ng3 Nf5 17.Rb3 Nxg3 18.hxg3 h5 19.c5 Bc7 20.d5 Be5 21.Nxe4 Nxd5 22.Nd6 Bxd6
23.cxd6 Qxd6 24.Bxh5 Qh6 25.Bf3 Nf6 26.Rd6 Qg5 27.Bb2 a5 28.Qd2 Nd5 29.Bxd5 cxd5
30.Rxd5 Qg6 31.Rbb5 f6 32.Bc3 Be6 33.Rd4 Rac8 34.e4 Qf7 35.Bxa5 Rc6 36.f3 Kh7
37.g4 Rec8 38.Rh5+ Kg6 39.e5 Rc5 40.Rd6 Qe7 41.Bd8 Rxd8 42.Rxd8 Qc7 43.Qd6 Qa5
44.exf6 Qe1+ 45.Kh2 Rd5 46.Qe7  1-0

[Event "Reno op"]
[Site "Reno"]
[Date "1992.??.??"]
[Round "2"]
[White "Lobo, Richard"]
[Black "Kaidanov, Grigory S"]
[Result "0-1"]
[WhiteElo "2270"]
[BlackElo "2555"]

1.d4 d5 2.c4 e6 3.Nc3 c6 4.e3 Nf6 5.Nf3 Nbd7 6.Qc2 Bd6 7.Bd3 O-O 8.O-O a6
9.Rd1 Qe7 10.e4 dxc4 11.Bxc4 e5 12.a3 exd4 13.Nxd4 Ne5 14.Bf1 Bc5 15.Bg5 Neg4
16.Qd2 Be6 17.Qf4 h6 18.Bxf6 Nxf6 19.Nf5 Bxf5 20.Qxf5 Bd6 21.Re1 Be5 22.Rac1 Rad8
23.Rc2 g6 24.Qf3 Bd4 25.g3 Rfe8 26.Nb1 h5 27.Bc4 Kg7 28.h3 h4 29.g4  0-1

[Event "Reno op"]
[Site "Reno"]
[Date "1992.??.??"]
[Round "4"]
[White "Browne, Walter S"]
[Black "Kaidanov, Grigory S"]
[Result "0-1"]
[WhiteElo "2515"]
[BlackElo "2555"]

1.d4 d5 2.c4 e6 3.Nc3 c6 4.Nf3 Nf6 5.e3 Nbd7 6.Qc2 Bd6 7.Bd3 O-O 8.O-O Qe7
9.Rd1 e5 10.cxd5 cxd5 11.e4 exd4 12.Nxd5 Nxd5 13.exd5 Ne5 14.Nxe5 Qxe5 15.Bxh7+ Kh8
16.f4 Qh5 17.Be4 Bg4 18.Re1 Rfe8 19.Bd2 Be2 20.Rac1 b6 21.Qc6 Red8 22.h3 d3
23.b4 f5 24.Bxd3 Bxd3 25.Re6 Bf8 26.Bc3 Kh7 27.Qb7 Be4 28.Bxg7 Bxg7 29.Rc7 Rg8
30.Ree7 Qg6 31.g4 fxg4 32.h4 Bf3  0-1

[Event "Reykjavik"]
[Site "Reykjavik"]
[Date "1992.??.??"]
[Round "9"]
[White "Hjartarson, Johann"]
[Black "Thorhallsson, Throstur"]
[Result "1-0"]
[WhiteElo "2580"]
[BlackElo "2425"]

1.c4 c6 2.d4 d5 3.Nc3 Nf6 4.Nf3 e6 5.e3 Nbd7 6.Bd3 dxc4 7.Bxc4 b5 8.Bd3 a6
9.e4 c5 10.d5 c4 11.Bc2 Qc7 12.O-O Bc5 13.Qe2 e5 14.Nh4 O-O 15.Kh1 Re8 16.Bg5 g6
17.Rad1 Bf8 18.Qd2 Nh5 19.Bh6 Qd6 20.Bxf8 Rxf8 21.Qh6 Ndf6 22.f3 Bd7 23.Ne2 Rfe8
24.g4 Ng7 25.Ng3 a5 26.Rg1 Ra6 27.Ngf5 Qf8 28.Nxg7 Qxg7 29.Qe3 Qf8 30.h3 Qd6
31.Rc1 Qb4 32.Rb1 Rc8 33.f4 exf4 34.Qxf4 c3 35.a3 Qe7 36.g5 Nh5 37.Qe3 cxb2
38.Bd1 Ng7 39.Rxb2 Rc4 40.Re2 b4 41.Qd3 Qc5 42.Bb3 Rc3 43.Qxa6 Rxb3 44.Qf6 Rxh3+
45.Rh2 Qe3 46.Rf1 Qxe4+ 47.Ng2 Rxh2+ 48.Kxh2 Qxd5 49.Ne3 Qb3 50.Qd8+ Be8
51.Ng4 h5 52.gxh6 f5 53.hxg7  1-0

[Event "ROM-ch (Women)"]
[Site "?"]
[Date "1992.??.??"]
[Round "6"]
[White "Chiricuta Kantor, Iudita"]
[Black "Cosma, Elena Luminita"]
[Result "1/2-1/2"]
[WhiteElo "2155"]
[BlackElo "2215"]

1.d4 d5 2.c4 e6 3.Nc3 c6 4.e3 Nf6 5.Nf3 Nbd7 6.Qc2 Bd6 7.Be2 O-O 8.O-O e5
9.cxd5 cxd5 10.Nb5 Bb8 11.dxe5 Nxe5 12.Nbd4 Bg4 13.h3 Bxf3 14.Nxf3 Qd6 15.Nxe5 Qxe5
16.g3 Ne4 17.Bf3 Bc7 18.Bxe4 dxe4 19.Bd2 Rac8 20.Qb3 Bb6 21.Bc3 Qf5 22.Rad1 Qxh3
23.Qd5 Bxe3 24.Qe5 Bh6 25.Qxe4 Rc7 26.Bb4 Ra8 27.Ba5 Rd7 28.Rfe1 g6 29.Qa4 Rxd1
30.Rxd1 Qf5 31.Bd8 b5 32.Qh4 Bg7 33.Qe7 Bf8 34.Qb7 Rc8 35.Qxa7 Bc5 36.Qd7 Bxf2+
37.Kg2 Qxd7 38.Rxd7 Bc5 39.Bf6 h6 40.a3 g5 41.Rb7 Rc6 42.Rxb5 Bxa3  1/2-1/2

[Event "ROM-ch (Women)"]
[Site "?"]
[Date "1992.??.??"]
[Round "10"]
[White "Stanciu, Gabriela"]
[Black "Cosma, Elena Luminita"]
[Result "1/2-1/2"]
[WhiteElo "2260"]
[BlackElo "2215"]

1.d4 d5 2.c4 e6 3.Nc3 c6 4.e3 Nf6 5.Nf3 Nbd7 6.Qc2 Bd6 7.Be2 O-O 8.O-O e5
9.cxd5 cxd5 10.dxe5 Nxe5 11.Bd2 Nxf3+ 12.Bxf3 Qc7 13.h3 Be6 14.Rac1 Bh2+
15.Kh1 Be5 16.Rfd1 Qd7 17.Kg1 Rfd8 18.Be1 Rac8 19.Qe2 a6 20.Rc2 h6 21.Rcd2 Bxc3
22.bxc3 Qe7 23.Rd4 b5 24.a4 Rb8 25.axb5 axb5 26.Rb4 Qe8 27.Qb2 Rdc8 28.Be2 Bd7
29.Rb1 Rc5 30.c4 Bf5 31.Rc1 Qc8 32.Bd2 dxc4 33.Rcxc4 Rxc4 34.Bxc4 Bd7 35.Bc3 Ne8
36.Bd4 Rb7 37.Bd5 Rc7 38.e4 Rc2 39.Qb3 Nd6 40.Qg3 Ne8 41.Qg6 Be6 42.Bxe6 Qxe6
43.Qxe6 Rc1+ 44.Kh2 fxe6 45.Kg3 Rc7 46.Kf4 Rb7 47.Ke5 Kf7 48.Rb3 Nf6 49.f3 Ng8
50.Kd6 Ne7 51.Kc5 Ng6 52.Kc6 Rb8 53.Kc7 Ra8 54.Rxb5 Ra2 55.Bb2 Nh4 56.Kd6 Ra6+
57.Kc5 Ra7 58.Bd4 Nxg2 59.Kc6 Re7 60.Bc5 Re8 61.Rb7+ Kf6 62.Kd7 Kf7 63.Kd6+ Kf6  1/2-1/2

[Event "ROM-chT"]
[Site "?"]
[Date "1992.??.??"]
[Round "?"]
[White "Radovici, Corvin"]
[Black "Manole, Vasile"]
[Result "1-0"]
[WhiteElo "2375"]
[BlackElo "2300"]

1.d4 e6 2.c4 d5 3.Nc3 c6 4.e3 Nf6 5.Nf3 Nbd7 6.Qc2 Bd6 7.Be2 O-O 8.O-O dxc4
9.Bxc4 b5 10.Bd3 Bb7 11.a3 a5 12.e4 e5 13.h3 exd4 14.Nxd4 Nc5 15.Rd1 Be5
16.Nf5 Nxd3 17.Rxd3 Qc7 18.Bg5 b4 19.Bxf6 gxf6 20.Qd1 Kh8 21.axb4 axb4 22.Rxa8 Rxa8
23.Na4 Qa5 24.b3 Rg8 25.Nh6 Rf8 26.Rd7 Bc8 27.Nxf7+ Rxf7 28.Rd8+ Kg7 29.Rxc8 Bc7
30.Qg4+ Qg5 31.g3 Re7 32.Kg2 Kf7 33.Qe2 Qe5  1-0

[Event "ROM-chT"]
[Site "?"]
[Date "1992.??.??"]
[Round "?"]
[White "Suba, Mihai"]
[Black "Navrotescu, Catalin"]
[Result "0-1"]
[WhiteElo "2520"]
[BlackElo "2360"]

1.c4 c6 2.Nf3 d5 3.e3 Nf6 4.Nc3 e6 5.d4 Nbd7 6.Bd3 dxc4 7.Bxc4 b5 8.Bd3 Bb7
9.O-O b4 10.Ne4 Nxe4 11.Bxe4 Bd6 12.Qc2 Rc8 13.Bd2 Nf6 14.Bd3 O-O 15.e4 c5
16.e5 cxd4 17.Qb1 Bxf3 18.exd6 Bb7 19.Bxb4 Qd7 20.Re1 Bxg2 21.Ba3 Bf3 22.Re5 Ba8
23.Qf1 Qb7 24.f3 Qxf3 25.Qxf3 Bxf3 26.Ra5 Rfd8 27.Rf1 Bd5 28.Rxa7 e5 29.Bf5 Be6
30.Bxe6 fxe6 31.Re7 d3 32.Rd1 e4 33.Rxe6 Rc2 34.Re7 Rd7 35.Re5 h6 36.h3 Kh7
37.Kf1 Rf7 38.Kg1 Kg6 39.Kh1 Re2 40.Bb4 Rxb2 41.a3 Re2 42.Rg1+ Kh7 43.Rg2 Rb7
44.d7 Rxd7 45.Rxe2 dxe2 46.Kg2 Rd3 47.Kf2 Nd5 48.Be1 Rf3+ 49.Kxe2 Nf4+ 50.Kd2 Rd3+
51.Kc2 Rxa3 52.Rxe4 Nxh3  0-1

[Event "Roquebrune"]
[Site "Roquebrune"]
[Date "1992.??.??"]
[Round "?"]
[White "Karpov, Anatoly"]
[Black "Anand, Viswanathan"]
[Result "1/2-1/2"]
[WhiteElo "2725"]
[BlackElo "2670"]

1.d4 Nf6 2.c4 c6 3.Nc3 d5 4.e3 e6 5.Nf3 Nbd7 6.Qc2 Bd6 7.b3 O-O 8.Be2 a6
9.O-O e5 10.cxd5 cxd5 11.dxe5 Nxe5 12.Bb2 Be6 13.Rfc1 Rc8 14.Qd1 Nxf3+ 15.Bxf3 Be5
16.Na4 Qd6 17.Bxe5 Qxe5 18.Nc5 Rc7 19.Nd3 Rxc1 20.Rxc1 Qd6 21.Nf4 Rd8 22.h3 Qa3
23.Rc7 b5 24.Qc2 Qa5 25.Kh2 Bf5 26.Qc5 Qd2 27.Qe7 Rf8 28.Qe5 Be4 29.Bxe4 dxe4
30.Rc6 Re8 31.Qg5 h6 32.Qg3 Nd7 33.Rxh6 Qxa2 34.Nh5 Qb2 35.Rxa6 Qe5 36.Qxe5 Rxe5
37.Nf4 Nc5 38.Ra8+ Kh7 39.b4 Nd3 40.Nxd3 exd3 41.Rd8 Re4 42.Rxd3 Rxb4 43.Kg3 Kg6
44.Rd6+ f6 45.Kf3 Rb2 46.Rb6 b4 47.g4 b3 48.h4 Rb1 49.Rb7 b2 50.Ke4 Rg1 51.h5+ Kh6
52.Rxb2 Rxg4+  1/2-1/2

[Event "San Copiapo"]
[Site "San Copiapo"]
[Date "1992.??.??"]
[Round "4"]
[White "Silva, Sebastain"]
[Black "Egger, Jorge"]
[Result "0-1"]
[WhiteElo "2355"]
[BlackElo "2355"]

1.d4 Nf6 2.Nf3 d5 3.c4 c6 4.Nc3 e6 5.e3 Nbd7 6.Bd3 dxc4 7.Bxc4 b5 8.Be2 Bb7
9.O-O a6 10.e4 c5 11.e5 Nd5 12.Ne4 cxd4 13.Qxd4 Qb6 14.a4 b4 15.Qxb6 N7xb6
16.a5 Nd7 17.Bd2 Nc5 18.Nxc5 Bxc5 19.Rfc1 Rc8 20.Ne1 Kd7 21.Nd3 Bd4 22.Bf3 Rxc1+
23.Rxc1 Rc8 24.Rxc8 Kxc8 25.Kf1 Bc6 26.Be3 Bxe3 27.fxe3 Nxe3+ 28.Kf2 Bxf3
29.Kxf3 Nc4 30.Nxb4 Kb7 31.Ke4 Nxa5 32.g4 Kb6 33.h4 Kb5 34.Nc2 Nc4 35.b4 Nb6
36.g5 Nd5 37.h5 g6 38.hxg6 hxg6 39.Kd4 Nxb4 40.Na3+ Ka4 41.Nc4 Kb3 42.Na5+ Kc2
43.Kc5 Kc3 44.Kd6 Kd4 45.Nb7 Nd3 46.Na5 Nxe5 47.Nb3+ Ke4 48.Nc5+ Kf5 49.Nxa6 Nf3  0-1

[Event "Sas van Gent"]
[Site "Sas van Gent"]
[Date "1992.??.??"]
[Round "?"]
[White "Farago, Ivan"]
[Black "Kuijf, Marinus"]
[Result "1/2-1/2"]
[WhiteElo "2510"]
[BlackElo "2420"]

1.d4 d5 2.c4 c6 3.Nc3 Nf6 4.e3 e6 5.Nf3 Nbd7 6.Qc2 Bd6 7.Be2 O-O 8.O-O Re8
9.Rd1 Qe7 10.h3 b6 11.e4 Nxe4 12.Nxe4 dxe4 13.Qxe4 Bb7 14.Bg5 f6 15.Bf4 Bxf4
16.Qxf4 c5 17.Qc7 Bxf3 18.Bxf3 Ne5 19.Qxe7 Nxf3+ 20.gxf3 Rxe7 21.dxc5 bxc5
22.Rd6 Rc8 23.Rad1 Kf7 24.Kf1 Rcc7 25.R1d3 Rb7 26.b3 Rbc7 27.Ke2 Kg6 28.f4 Kf7
29.Ke3 h6 30.Ra6 g5 31.fxg5 hxg5 32.Rdd6 Rc8 33.Rdc6  1/2-1/2

[Event "Sas van Gent"]
[Site "Sas van Gent"]
[Date "1992.??.??"]
[Round "?"]
[White "Meulders, Richard"]
[Black "Kuijf, Marinus"]
[Result "0-1"]
[WhiteElo "2385"]
[BlackElo "2420"]

1.d4 d5 2.c4 c6 3.Nf3 Nf6 4.Nc3 e6 5.e3 Nbd7 6.Qc2 Bd6 7.b3 O-O 8.Be2 Re8
9.O-O b6 10.Bb2 Bb7 11.Rad1 Qe7 12.h3 Rac8 13.e4 Nxe4 14.Nxe4 dxe4 15.Qxe4 Nf6
16.Qh4 c5 17.Ne5 cxd4 18.Bxd4 Qc7 19.Bf3 Bxe5 20.Bxb7 Rcd8 21.Bxe5 Qxe5 22.Qg3 Qxg3
23.fxg3 Kf8 24.Kf2 Rb8 25.Bf3 Ke7 26.Ke3 Rec8 27.g4 h6 28.Rc1 Rc7 29.Rcd1 Nd7
30.Rd2 Nc5 31.Rfd1 Rbc8 32.Rd6 Rd7 33.Rxd7+ Nxd7 34.Kf4 Rc5 35.Be2 Ra5 36.Rd2 e5+
37.Ke3 Nc5 38.Bf3 Ne6 39.Kd3 Rc5 40.b4 Rc7 41.Kc3 Nd4 42.Bd5 g6 43.a4 f5
44.gxf5 gxf5 45.Ra2 Kd6 46.g4 Rg7 47.a5 b5 48.Rg2 f4 49.Be4 bxc4 50.Kxc4 Rc7+
51.Kd3 Rc1 52.h4 Rd1+ 53.Rd2 Rg1 54.g5 hxg5 55.hxg5 Rxg5 56.Rh2 Rg3+ 57.Kc4 f3
58.Rh6+ Ke7 59.Rh7+ Kf6 60.Bxf3 Nxf3 61.Rxa7 Nd2+ 62.Kc5 Rc3+ 63.Kb6 Nc4+
64.Ka6 Ke6 65.Rh7 Kd5 66.Rd7+ Kc6 67.Rb7 e4 68.b5+ Kc5 69.Rc7+ Kb4 70.b6 Ra3
71.Rxc4+ Kxc4 72.b7 Rb3 73.Ka7 e3 74.a6 e2 75.b8=Q Rxb8 76.Kxb8 e1=Q 77.a7 Qe8+
78.Kb7 Qd7+ 79.Kb8 Kc5 80.a8=Q Kb6  0-1

[Event "Sas van Gent"]
[Site "Sas van Gent"]
[Date "1992.??.??"]
[Round "?"]
[White "Jelen, Iztok"]
[Black "Kuijf, Marinus"]
[Result "1/2-1/2"]
[WhiteElo "2430"]
[BlackElo "2420"]

1.d4 d5 2.c4 c6 3.Nc3 Nf6 4.e3 e6 5.Nf3 Nbd7 6.Bd3 dxc4 7.Bxc4 b5 8.Bd3 a6
9.e4 c5 10.d5 c4 11.dxe6 cxd3 12.exd7+ Qxd7 13.O-O Bb7 14.Ne5 Qd4 15.Nf3 Qd7
16.Ne5 Qd4 17.Nf3  1/2-1/2

[Event "EU-ch U20"]
[Site "Sas van Gent"]
[Date "1992.??.??"]
[Round "1"]
[White "Rogozenko, Dorin"]
[Black "Golubovic, Boris"]
[Result "1-0"]
[WhiteElo "2405"]
[BlackElo "2300"]

1.d4 Nf6 2.c4 e6 3.Nc3 d5 4.Nf3 c6 5.e3 Nbd7 6.Qc2 Bd6 7.g4 Nxg4 8.Rg1 Nxh2
9.Nxh2 Bxh2 10.Rxg7 Qf6 11.Rxh7 Rxh7 12.Qxh7 Bd6 13.Bd2 Nf8 14.Qc2 Bd7 15.e4 Qxd4
16.Be3 Qf6 17.O-O-O d4 18.Rxd4 Bc5 19.e5 Qxe5 20.Qd2 O-O-O 21.Re4 Bxe3 22.Qxe3 Qa5
23.c5 Qc7 24.Ra4 Ng6 25.Rxa7 Qf4 26.Qxf4 Nxf4 27.Ne4 Kb8 28.Ra4 e5 29.Nd6 Be6
30.Rb4 Rd7 31.a4 Ka7 32.a5 Bg4 33.a6 bxa6 34.Nc8+ Ka8 35.Nb6+ Ka7 36.Nxd7 Bxd7
37.Rb6 Ne6 38.Rxa6+ Kb7 39.b4 Nd4 40.Rb6+ Kc7 41.Ra6 Kb7 42.Ra3 Bg4 43.Kb2 f5
44.Bh3 Bf3 45.Bxf5  1-0

[Event "EU-ch U20"]
[Site "Sas van Gent"]
[Date "1992.??.??"]
[Round "3"]
[White "Pedersen, Steffen"]
[Black "Ceteras, Marius"]
[Result "0-1"]
[WhiteElo "2360"]
[BlackElo "2320"]

1.d4 d5 2.c4 c6 3.Nf3 Nf6 4.e3 e6 5.Nc3 Nbd7 6.Bd3 dxc4 7.Bxc4 b5 8.Be2 Bb7
9.O-O b4 10.Na4 Be7 11.Qc2 O-O 12.Bd2 a5 13.a3 bxa3 14.bxa3 c5 15.dxc5 Be4
16.Qc3 Rc8 17.Nd4 Nxc5 18.Nxc5 Rxc5 19.Qb2 e5 20.Nb3 Rc2 21.Qxe5 Rxd2 22.Nxd2 Qxd2
23.Qxe7 Qxe2 24.Rad1 Bd5 25.Rfe1 Qc4 26.f3 Re8 27.Qa7 a4 28.e4 Be6 29.Rc1 Qb5
30.Re3 h6 31.Rec3 Rd8 32.Qe3 Rb8 33.Rd1 Qb2 34.h3 Rb3 35.Rxb3 axb3 36.f4 Qc2  0-1

[Event "Oberschwaben-ch"]
[Site "Schussenried"]
[Date "1992.??.??"]
[Round "2"]
[White "Wagner, Harald"]
[Black "Namyslo, Holger"]
[Result "1/2-1/2"]
[WhiteElo "2285"]
[BlackElo "2225"]

1.d4 e6 2.c4 d5 3.Nc3 c6 4.Nf3 Nf6 5.e3 Nbd7 6.Bd3 dxc4 7.Bxc4 b5 8.Bd3 a6
9.O-O c5 10.Qe2 Bb7 11.Rd1 Qb6 12.Bd2 Be7 13.Rac1 O-O 14.Be1 Bd6 15.Bb1 Rfd8
16.Ng5 Rac8 17.Nce4 Nxe4 18.Nxe4 Bxe4 19.Bxe4 Nf6 20.dxc5 Rxc5 21.Rxc5 Qxc5
22.Bf3 Qc7 23.g3 Be5  1/2-1/2

[Event "Sevilla op"]
[Site "Sevilla"]
[Date "1992.??.??"]
[Round "7"]
[White "Franco Ocampo, Zenon"]
[Black "Alawieh, Amine"]
[Result "1-0"]
[WhiteElo "2520"]
[BlackElo "2360"]

1.c4 Nf6 2.Nc3 e6 3.Nf3 d5 4.d4 c6 5.e3 Nbd7 6.Qc2 Bd6 7.b3 O-O 8.Be2 b6
9.O-O Bb7 10.Bb2 Qe7 11.Rad1 Rac8 12.e4 dxe4 13.Nxe4 Bf4 14.Rfe1 Rfd8 15.Bd3 h6
16.Qe2 Qf8 17.Bb1 Bb8 18.Qc2 Nxe4 19.Rxe4 g6 20.d5 exd5 21.Re6 d4 22.Bxd4 Ne5
23.Nxe5 Rxd4 24.Rxd4  1-0

[Event "SLO-ch"]
[Site "?"]
[Date "1992.??.??"]
[Round "?"]
[White "Jelen, Igor"]
[Black "Jelen, Iztok"]
[Result "1/2-1/2"]
[WhiteElo "2355"]
[BlackElo "2430"]

1.d4 Nf6 2.c4 e6 3.Nf3 d5 4.Nc3 c6 5.e3 Nbd7 6.Bd3 dxc4 7.Bxc4 b5 8.Bd3 a6
9.e4 c5 10.d5 c4 11.dxe6 cxd3 12.exd7+ Qxd7 13.O-O Bb7 14.Ne5 Qd4 15.Nf3 Qd7
16.Ne5 Qd4 17.Nf3 Qd7  1/2-1/2

[Event "SLO-ch"]
[Site "?"]
[Date "1992.??.??"]
[Round "?"]
[White "Jelen, Iztok"]
[Black "Cepon, Dusan"]
[Result "1-0"]
[WhiteElo "2430"]
[BlackElo "2305"]

1.d4 d5 2.c4 c6 3.Nc3 Nf6 4.e3 e6 5.Nf3 Nbd7 6.Bd3 Bb4 7.a3 Ba5 8.O-O O-O
9.Qc2 Re8 10.Ne5 dxc4 11.Bxc4 Bc7 12.f4 c5 13.Kh1 cxd4 14.exd4 Nb6 15.Ba2 Nbd5
16.Bd2 Bb6 17.Qd3 Ne7 18.Be3 Nf5 19.Nxf7 Ng3+ 20.hxg3 Kxf7 21.Rae1 Kg8 22.Bg1 Kh8
23.Re5 Bc7 24.Re2 Bd7 25.Rfe1 Ng4 26.Bb1 g6 27.Qf3 Nh6 28.Qxb7 g5 29.d5 gxf4
30.dxe6 Bc8 31.Qxa8 Qg5 32.Bd4+ Kg8 33.Qd5 Qxg3 34.e7+ Nf7 35.Qh5  1-0

[Event "SLO-chT"]
[Site "SLO"]
[Date "1992.??.??"]
[Round "?"]
[White "Brecevic, V."]
[Black "Furlan, A."]
[Result "1-0"]
[WhiteElo "2150"]
[BlackElo "2000"]

1.d4 d5 2.Nf3 Nf6 3.c4 e6 4.Nc3 c6 5.e3 Nbd7 6.cxd5 exd5 7.Bd3 Be7 8.O-O O-O
9.Re1 Re8 10.Bd2 Nf8 11.Qc2 Ne6 12.Rad1 Bf8 13.Bc1 a6 14.Qb1 g6 15.b4 Qd6
16.a3 a5 17.Bd2 axb4 18.axb4 Qxb4 19.Nxd5 Nxd5 20.Bxb4 Bxb4 21.e4  1-0

[Event "Slupsk op"]
[Site "Slupsk"]
[Date "1992.??.??"]
[Round "?"]
[White "Drzemicki, Dariusz"]
[Black "Lukasiewicz, Grzegorz"]
[Result "0-1"]
[WhiteElo "2355"]
[BlackElo "2360"]

1.d4 d5 2.c4 e6 3.Nc3 c6 4.e3 Nf6 5.Nf3 Nbd7 6.Bd3 dxc4 7.Bxc4 b5 8.Bd3 Bb7
9.e4 b4 10.Na4 c5 11.e5 Nd5 12.O-O cxd4 13.Nxd4 Nxe5 14.Bb5+ Nd7 15.Re1 Rc8
16.Qh5 g6 17.Qe5 Qf6 18.Nf3 Bg7 19.Qe2 a6 20.Bg5 Qf5 21.Bxd7+ Kxd7 22.Rad1 Rc6
23.Rxd5+ exd5 24.Qe7+ Kc8 25.Qxb4 d4 26.Nb6+ Kb8 27.h4 Qb5 28.Nd7+ Ka8 29.Qd2 Rd6
30.Nde5 Qd5 31.Bf4 Re6 32.b3 Rhe8 33.Nd3 Rxe1+ 34.Ndxe1 Qc5 35.Kh2 Qc3 36.Qd1 h6
37.Bg3 g5 38.Nd3 g4 39.Nfe5 Bxe5 40.Nxe5 h5 41.Qb1 f6 42.Nd3 Be4  0-1

[Event "Slupsk op"]
[Site "Slupsk"]
[Date "1992.??.??"]
[Round "?"]
[White "Ivanov, Sergey"]
[Black "Kuczynski, Robert"]
[Result "1/2-1/2"]
[WhiteElo "2470"]
[BlackElo "2525"]

1.d4 d5 2.c4 c6 3.Nc3 Nf6 4.e3 e6 5.Nf3 Nbd7 6.Bd3 dxc4 7.Bxc4 b5 8.Be2 b4
9.Na4 Be7 10.O-O O-O 11.Bd2 Bb7 12.Qc2 a5 13.a3 bxa3 14.bxa3 c5 15.dxc5 Be4
16.Bd3 Bxf3 17.gxf3 Nxc5 18.Nxc5 Bxc5 19.Bc3 Be7 20.Rfd1 Qc7 21.Qd2 Nd5 22.Bd4 Bd6
23.f4 Qe7 24.Be4 Qh4 25.Bb2 Rfd8 26.Qe2 Be7 27.Qf3 Bf6 28.Bxf6 Qxf6 29.Bxd5 Rxd5
30.Rxd5 exd5 31.Rd1 Rd8 32.Rxd5 Rxd5 33.Qxd5 Qa1+ 34.Kg2 Qxa3 35.Qa8+ Qf8
36.Qxa5 g6 37.Qe5 Qc8 38.Kg3 Qc1 39.Qb8+ Kg7 40.Qe5+ Kg8 41.f5 Qg1+ 42.Kf3 gxf5
43.Qg3+ Qxg3+ 44.hxg3 Kg7 45.Ke2 Kf6 46.Kd3 Ke5 47.f3 Kd5 48.Kc3 Kc5 49.Kd3  1/2-1/2

[Event "Alekhine op"]
[Site "Smolensk"]
[Date "1992.??.??"]
[Round "8"]
[White "Bezgodov, Alexei"]
[Black "Shabanov, Yuri"]
[Result "1/2-1/2"]
[WhiteElo "2345"]
[BlackElo "2410"]

1.d4 d5 2.c4 c6 3.Nc3 Nf6 4.Nf3 e6 5.e3 Nbd7 6.Bd3 Bd6 7.e4 dxe4 8.Nxe4 Nxe4
9.Bxe4 h6 10.O-O O-O 11.Bc2 e5 12.Re1 Bb4 13.Qd3 f5 14.Rxe5 Nxe5 15.Nxe5 Bd6
16.Bf4 Be6 17.Rd1 Qf6 18.Ng4 fxg4 19.Qh7+ Kf7 20.Bxd6 Bxc4 21.Bxf8 Rxf8 22.Re1 Be6
23.Re5 Ke7 24.Bf5 Kd8 25.Rxe6 Qxf5 26.Qxf5 Rxf5 27.Kf1 Rd5 28.Rg6 Rxd4 29.Rxg7 Kc8
30.Ke2 a5 31.a3 a4 32.g3 Rc4 33.Kd3 b5 34.Rh7 Rc1 35.Rxh6 Kd7 36.Rf6 Rb1
37.Kc2 Rh1 38.b3 axb3+ 39.Kxb3 Rxh2 40.Rf4 Kd6 41.a4 bxa4+ 42.Kxa4 Rh8 43.Rxg4 Rf8
44.f4 Rb8 45.f5  1/2-1/2

[Event "St Cugat op"]
[Site "St Cugat"]
[Date "1992.??.??"]
[Round "3"]
[White "Serrano Marhuenda, Salvador"]
[Black "Garbarino, Rodolfo"]
[Result "1/2-1/2"]
[WhiteElo "2250"]
[BlackElo "2370"]

1.d4 d5 2.c4 e6 3.Nc3 c6 4.e3 Nf6 5.Nf3 Nbd7 6.Bd3 dxc4 7.Bxc4 b5 8.Bd3 a6
9.O-O c5 10.Qe2 Bb7 11.e4 cxd4 12.Nxd4 Nc5 13.Rd1 Nxd3 14.Rxd3 Qc7 15.Bg5 Bd6
16.Bxf6 gxf6 17.Nxe6 fxe6 18.Qh5+ Ke7 19.Rad1 Be5 20.Rd7+ Qxd7 21.Rxd7+ Kxd7
22.Qf7+ Kc6 23.Qxe6+ Kc7 24.Nd5+ Bxd5 25.exd5 Rhc8 26.g4 h6 27.h4 Kb7 28.a4 Bxb2
29.a5 Bd4 30.d6 Be5 31.Qd7+ Kb8 32.Qe7 Rc1+ 33.Kg2 Rc4  1/2-1/2

[Event "St Petersburg"]
[Site "St Petersburg"]
[Date "1992.??.??"]
[Round "?"]
[White "Lerner, Konstantin Z"]
[Black "Magerramov, Elmar"]
[Result "1/2-1/2"]
[WhiteElo "2515"]
[BlackElo "2560"]

1.d4 d5 2.c4 c6 3.e3 Nf6 4.Nc3 e6 5.Nf3 Nbd7 6.Bd3 dxc4 7.Bxc4 b5 8.Bd3 Bb7
9.O-O a6 10.e4 c5 11.d5 c4 12.Bc2 Qc7 13.Qe2 Bd6 14.Bg5 O-O-O 15.dxe6 fxe6
16.Rfd1 h6 17.Bh4 g5 18.Bg3 Bxg3 19.hxg3 Nc5 20.b4 cxb3 21.axb3 Rxd1+ 22.Rxd1 Rd8
23.Rxd8+  1/2-1/2

[Event "St Petersburg-ch op"]
[Site "St Petersburg"]
[Date "1992.??.??"]
[Round "?"]
[White "Sokolin, Leonid M"]
[Black "Ionov, Sergey"]
[Result "1/2-1/2"]
[WhiteElo "2435"]
[BlackElo "2500"]

1.d4 d5 2.c4 c6 3.Nf3 Nf6 4.e3 e6 5.Nc3 Nbd7 6.Qc2 Bd6 7.Be2 O-O 8.O-O dxc4
9.Bxc4 Qe7 10.a3 a6 11.Bd2 b5 12.Bd3 c5 13.Ne4 Bb7 14.dxc5 Nxc5 15.Nxf6+ Qxf6
16.Bxh7+ Kh8 17.e4 Kxh7 18.Ng5+ Kg8 19.e5 Qf5 20.Qxf5 exf5 21.exd6 Rfd8 22.Bb4 Nd3
23.Rad1 Nxb2 24.Rde1 a5 25.Bc3 Na4 26.Re7 Nxc3 27.Rxb7 Rxd6  1/2-1/2

[Event "Stare Mesto op"]
[Site "Stare Mesto"]
[Date "1992.??.??"]
[Round "?"]
[White "Bagaturov, Giorgi"]
[Black "Semakin, Anatolij"]
[Result "1/2-1/2"]
[WhiteElo "2435"]
[BlackElo "2285"]

1.d4 Nf6 2.Nf3 e6 3.c4 d5 4.Nc3 c6 5.e3 Bd6 6.Bd3 Nbd7 7.e4 dxe4 8.Nxe4 Nxe4
9.Bxe4 c5 10.O-O Nf6 11.Bc2 Bd7 12.dxc5 Bxc5 13.Bg5 Qc7 14.Qe2 Bc6 15.Rad1 h6
16.Bxf6 gxf6 17.Be4 Ke7 18.Bd5 Rhd8 19.a3 a5 20.Rfe1 Qf4 21.Qc2 Rg8 22.Qh7 Bxd5
23.cxd5 Qxf3  1/2-1/2

[Event "Stare Mesto op"]
[Site "Stare Mesto"]
[Date "1992.??.??"]
[Round "?"]
[White "Biolek, Richard"]
[Black "Obsivac, Josef"]
[Result "1/2-1/2"]
[WhiteElo "2420"]
[BlackElo "2265"]

1.d4 d5 2.c4 e6 3.Nc3 c6 4.Nf3 Nf6 5.e3 Nbd7 6.cxd5 exd5 7.Bd3 Bd6 8.O-O O-O
9.Rb1 a5 10.Bd2 Re8 11.Qc2 Nf8 12.Rfe1  1/2-1/2

[Event "Stare Mesto op"]
[Site "Stare Mesto"]
[Date "1992.??.??"]
[Round "?"]
[White "Bagaturov, Giorgi"]
[Black "Vavra, Pavel"]
[Result "1-0"]
[WhiteElo "2435"]
[BlackElo "2325"]

1.d4 d5 2.Nf3 Nf6 3.c4 c6 4.Nc3 e6 5.e3 Nbd7 6.Bd3 dxc4 7.Bxc4 b5 8.Bd3 a6
9.e4 c5 10.d5 c4 11.dxe6 cxd3 12.exf7+ Kxf7 13.e5 Qe7 14.Bf4 Bb7 15.O-O Qb4
16.Bg3 Qxb2 17.Ng5+ Kg8 18.Qxd3 Nc5 19.exf6 gxf6 20.Qe3 Qc2 21.Rad1 fxg5
22.Nd5 Bxd5 23.Rxd5 h6 24.Rxc5 Bxc5 25.Qe6+ Kf8 26.Re1 Qc4 27.Qf6+ Kg8 28.Qg6+ Kf8
29.Be5  1-0